Socio economic history of Barak Valley (1765-1873) (Record no. 20238)
[ view plain ]
| 000 -LEADER | |
|---|---|
| fixed length control field | 00668nam a2200205Ia 4500 |
| 082 ## - DEWEY DECIMAL CLASSIFICATION NUMBER | |
| Classification number | RC.0106 |
| 100 ## - MAIN ENTRY--AUTHOR NAME | |
| Personal name | Chatterjee, Suhas |
| 245 #0 - TITLE STATEMENT | |
| Title | Socio economic history of Barak Valley (1765-1873) |
| 260 ## - PUBLICATION, DISTRIBUTION, ETC. (IMPRINT) | |
| Year of publication | 1996 |
| Name of publisher | Indian Council of Social Science Research, New Delhi |
| 300 ## - PHYSICAL DESCRIPTION | |
| Number of Pages | 322p. |
| 504 ## - BIBLIOGRAPHY, ETC. NOTE | |
| Bibliography, etc | Bibliography at the end |
| 650 ## - SUBJECT ADDED ENTRY--TOPICAL TERM | |
| Topical Term | ASSAM///CACHAR |
| 650 ## - SUBJECT ADDED ENTRY--TOPICAL TERM | |
| Topical Term | BARAK VALLEY - SOCIO-ECONOMIC CONDITIONS |
| 650 ## - SUBJECT ADDED ENTRY--TOPICAL TERM | |
| Topical Term | ASSAM - SOCIO-ECONOMIC CONDITIONS |
| 650 ## - SUBJECT ADDED ENTRY--TOPICAL TERM | |
| Topical Term | TRIBES AND TRIBALS - ASSAM - BARAK VALLEY |
| 650 ## - SUBJECT ADDED ENTRY--TOPICAL TERM | |
| Topical Term | BARAK VALLEY - HISTORY - 1765-1873 |
| 650 ## - SUBJECT ADDED ENTRY--TOPICAL TERM | |
| Topical Term | CACHAR - SOCIAL CONDITIONS |
| 650 ## - SUBJECT ADDED ENTRY--TOPICAL TERM | |
| Topical Term | ASSAM///BARAK VALLEY |
| 942 ## - ADDED ENTRY ELEMENTS (KOHA) | |
| Koha item type | Research Reports |
| Source of classification or shelving scheme | Dewey Decimal Classification |
| Withdrawn status | Lost status | Damaged status | Not for loan | Collection code | Home library | Current library | Date acquired | Bill Date | Full call number | Accession Number | Price effective from | Koha item type |
|---|---|---|---|---|---|---|---|---|---|---|---|---|
| Not For Loan | ICSSR Fellowships | NASSDOC Library | NASSDOC Library | 08/10/2004 | 2004-10-05 | RC.0106 | 38001 | 18/04/2019 | Research Reports | |||
| ICSSR Fellowships | NASSDOC Library | NASSDOC Library | 08/10/2004 | 2004-10-05 | RC.0106 | 38002 | 18/04/2019 | Research Reports |
